<?xml version="1.0" encoding="UTF-8"?>
<record
    xmlns:xsi="http://www.w3.org/2001/XMLSchema-instance"
    xsi:schemaLocation="http://www.loc.gov/MARC21/slim http://www.loc.gov/standards/marcxml/schema/MARC21slim.xsd"
    xmlns="http://www.loc.gov/MARC21/slim">

  <leader>00751nas a2200229 a 4500</leader>
  <datafield tag="999" ind1=" " ind2=" ">
    <subfield code="c">17231</subfield>
    <subfield code="d">17231</subfield>
  </datafield>
  <controlfield tag="005">20180821105244.0</controlfield>
  <controlfield tag="008">500101d19561998ksuqr1p       0   a0engod</controlfield>
  <datafield tag="022" ind1=" " ind2=" ">
    <subfield code="a">0032-8480</subfield>
  </datafield>
  <datafield tag="040" ind1=" " ind2=" ">
    <subfield code="a">NSDP</subfield>
    <subfield code="c">NSDP</subfield>
    <subfield code="d">DLC</subfield>
    <subfield code="d">NSDP</subfield>
    <subfield code="d">DLC</subfield>
    <subfield code="d">NSDP</subfield>
    <subfield code="d">OCoLC</subfield>
    <subfield code="d">AIP</subfield>
    <subfield code="d">OCoLC</subfield>
    <subfield code="d">NSDP</subfield>
    <subfield code="d">DLC</subfield>
    <subfield code="d">NST</subfield>
    <subfield code="d">DNAL</subfield>
    <subfield code="d">CStRLIN</subfield>
    <subfield code="d">CO-BoIAVH</subfield>
  </datafield>
  <datafield tag="041" ind1="0" ind2=" ">
    <subfield code="a">eng</subfield>
  </datafield>
  <datafield tag="044" ind1=" " ind2=" ">
    <subfield code="a">xxu</subfield>
  </datafield>
  <datafield tag="090" ind1=" " ind2=" ">
    <subfield code="a">SE</subfield>
  </datafield>
  <datafield tag="245" ind1="0" ind2="0">
    <subfield code="a">Principes :</subfield>
    <subfield code="b">journal of the International Palm Society</subfield>
  </datafield>
  <datafield tag="246" ind1="1" ind2="0">
    <subfield code="a">Principes</subfield>
  </datafield>
  <datafield tag="260" ind1=" " ind2=" ">
    <subfield code="a">Lawrence, Kansas (EE.UU.) :</subfield>
    <subfield code="b">International Palm Society,</subfield>
    <subfield code="c">1956-1998</subfield>
  </datafield>
  <datafield tag="300" ind1=" " ind2=" ">
    <subfield code="b">ilustraciones ;</subfield>
    <subfield code="c">23 cm.</subfield>
  </datafield>
  <datafield tag="650" ind1="2" ind2="6">
    <subfield code="a">Palmas</subfield>
    <subfield code="x">Publicaciones peri&#xF3;dicas</subfield>
  </datafield>
  <datafield tag="710" ind1="2" ind2=" ">
    <subfield code="a">International Palm Society</subfield>
  </datafield>
  <datafield tag="780" ind1="0" ind2="0">
    <subfield code="t">Bulletin (Palm Society)</subfield>
  </datafield>
  <datafield tag="785" ind1="0" ind2="0">
    <subfield code="t">Palms</subfield>
  </datafield>
  <datafield tag="942" ind1=" " ind2=" ">
    <subfield code="2">z</subfield>
    <subfield code="c">REVISTA</subfield>
  </datafield>
  <datafield tag="952" ind1=" " ind2=" ">
    <subfield code="0">0</subfield>
    <subfield code="1">0</subfield>
    <subfield code="2">z</subfield>
    <subfield code="4">0</subfield>
    <subfield code="7">0</subfield>
    <subfield code="8">HEMEROTECA</subfield>
    <subfield code="A">1996</subfield>
    <subfield code="B">40</subfield>
    <subfield code="C">3</subfield>
    <subfield code="I">INV2017</subfield>
    <subfield code="a">Bogota</subfield>
    <subfield code="b">Bogota</subfield>
    <subfield code="d">2004-06-28</subfield>
    <subfield code="e">Mendoza, Humberto</subfield>
    <subfield code="h">Vol 40, Nro 3 (01/07/1996)</subfield>
    <subfield code="l">0</subfield>
    <subfield code="o">SE</subfield>
    <subfield code="p">014930</subfield>
    <subfield code="r">2015-03-25 00:00:00</subfield>
    <subfield code="t">Ej. 1</subfield>
    <subfield code="w">2015-03-25</subfield>
    <subfield code="x">Donacion</subfield>
    <subfield code="y">REVISTA</subfield>
  </datafield>
  <datafield tag="952" ind1=" " ind2=" ">
    <subfield code="0">0</subfield>
    <subfield code="1">0</subfield>
    <subfield code="2">z</subfield>
    <subfield code="4">0</subfield>
    <subfield code="7">0</subfield>
    <subfield code="8">HEMEROTECA</subfield>
    <subfield code="A">1996</subfield>
    <subfield code="B">40</subfield>
    <subfield code="C">1</subfield>
    <subfield code="I">INV2017</subfield>
    <subfield code="a">Bogota</subfield>
    <subfield code="b">Bogota</subfield>
    <subfield code="d">2004-06-29</subfield>
    <subfield code="e">Desconocido</subfield>
    <subfield code="h">Vol 40, Nro 1 (01/01/1996)</subfield>
    <subfield code="l">0</subfield>
    <subfield code="o">SE</subfield>
    <subfield code="p">014950</subfield>
    <subfield code="r">2015-03-25 00:00:00</subfield>
    <subfield code="t">Ej. 1</subfield>
    <subfield code="w">2015-03-25</subfield>
    <subfield code="x">Donacion</subfield>
    <subfield code="y">REVISTA</subfield>
  </datafield>
  <datafield tag="952" ind1=" " ind2=" ">
    <subfield code="0">0</subfield>
    <subfield code="1">0</subfield>
    <subfield code="2">z</subfield>
    <subfield code="4">0</subfield>
    <subfield code="7">0</subfield>
    <subfield code="8">HEMEROTECA</subfield>
    <subfield code="A">1996</subfield>
    <subfield code="B">40</subfield>
    <subfield code="C">2</subfield>
    <subfield code="I">INV2017</subfield>
    <subfield code="a">Bogota</subfield>
    <subfield code="b">Bogota</subfield>
    <subfield code="d">2004-06-29</subfield>
    <subfield code="e">Desconocido</subfield>
    <subfield code="h">Vol 40, Nro 2 (01/04/2006)</subfield>
    <subfield code="l">0</subfield>
    <subfield code="o">SE</subfield>
    <subfield code="p">014951</subfield>
    <subfield code="r">2015-03-25 00:00:00</subfield>
    <subfield code="t">Ej. 1</subfield>
    <subfield code="w">2015-03-25</subfield>
    <subfield code="x">Donacion</subfield>
    <subfield code="y">REVISTA</subfield>
  </datafield>
</record>
